Science Quiz

Random Science or Clickable Quiz
Score 0/14 Timer 20:00
0 Plays Today
% Correct
Xerostomia
87.2%
Erythroplakia
86.2%
Sialadenitis
84%
Leukoplakia
83%
Oral Squamous Cell Carcinoma
78.7%
“Bite” Fibroma
76.6%
Pleomorphic Adenoma
72.3%
% Correct
Warthin Tumor
72.3%
Pyogenic Granuloma
71.3%
Field Effect
71.3%
Mucocele
69.1%
Mucoepidermoid carcinoma
69.1%
Malignant Mixed tumor
69.1%
Adenoid Cystic Carcinoma
67%
Remove Ads.
Support Sporcle.
Get the best of Sporcle when you Go Orange. This ad-free experience offers more features, more stats, and more fun while also helping to support Sporcle. Thank you for becoming a member.

You're not logged in!

Compare scores with friends on all Sporcle quizzes.
OR
Log In

Sporcle TV

Today on Sporcle TV


Watch our educational content, quiz creation guides, and fun videos on Sporcle TV.

Show Comments

Extras

Created Nov 20, 2017ReportNominate
Tags:Clickable Quiz, Pathology

Top Quizzes Today


Score Distribution

Paid Content

Your Account Isn't Verified!

In order to create a playlist on Sporcle, you need to verify the email address you used during registration. Go to your Sporcle Settings to finish the process.

Report this User

Report this user for behavior that violates our Community Guidelines.

Details: